[Event "DVM U12 2023"]
[Site "Magdeburg GER"]
[Date "2023.12.28"]
[Round "3"]
[White "Meitzner, Johan Eduard"]
[Black "Yan, Haichen"]
[Result "0-1"]
[Termination "normal"]
[Board "7.2"]
[WhiteElo "1383"]
[BlackElo "1403"]
[WhiteClock "00:13:38"]
[BlackClock "00:33:40"]
[WhiteTeam "1. Eichsfelder SC"]
[BlackTeam "SV 1947 Walldorf"]
[PlyCount "62"]
[WhiteFideId "34623612"]
[BlackFideId "34607951"]
[EventCountry "GER"]
[EventRounds "7"]
[EventType "team-swiss"]
[EventDate "2023.12.26"]

1. e4 {[%clk 01:30:57]} {[%emt 00:00:03]} c5 {[%clk 01:30:55]} {[%emt
00:00:06]} 2. Nc3 {[%clk 01:31:24]} {[%emt 00:00:02]} e6 {[%clk 01:31:18]}
{[%emt 00:00:07]} 3. Nge2 {[%clk 01:31:49]} {[%emt 00:00:05]} Nc6 {[%clk
01:31:26]} {[%emt 00:00:21]} 4. g3 {[%clk 01:32:08]} {[%emt 00:00:12]} Nf6
{[%clk 01:31:33]} {[%emt 00:00:24]} 5. Bg2 {[%clk 01:32:28]} {[%emt 00:00:10]}
Be7 {[%clk 01:30:56]} {[%emt 00:01:06]} 6. O-O {[%clk 01:32:45]} {[%emt
00:00:13]} O-O {[%clk 01:31:20]} {[%emt 00:00:07]} 7. h3 {[%clk 01:33:09]}
{[%emt 00:00:07]} d5 {[%clk 01:31:11]} {[%emt 00:00:38]} 8. exd5 {[%clk
01:33:32]} {[%emt 00:00:07]} Nxd5 {[%clk 01:31:30]} {[%emt 00:00:12]} 9. Nxd5
{[%clk 01:33:35]} {[%emt 00:00:27]} exd5 {[%clk 01:31:48]} {[%emt 00:00:11]}
10. d4 {[%clk 01:34:00]} {[%emt 00:00:05]} Re8 {[%clk 01:27:19]} {[%emt
00:04:59]} 11. Be3 {[%clk 01:33:35]} {[%emt 00:00:53]} Qb6 {[%clk 01:24:42]}
{[%emt 00:03:09]} 12. Rb1 {[%clk 01:31:32]} {[%emt 00:02:30]} Bf5 {[%clk
01:20:16]} {[%emt 00:04:59]} 13. b3 {[%clk 01:17:56]} {[%emt 00:14:05]} Nb4
{[%clk 01:18:38]} {[%emt 00:02:08]} 14. Rb2 {[%clk 01:18:02]} {[%emt 00:00:24]}
Rad8 {[%clk 01:08:31]} {[%emt 00:10:37]} 15. Nf4 {[%clk 01:11:49]} {[%emt
00:06:41]} Be4 {[%clk 00:59:44]} {[%emt 00:09:19]} 16. Bxe4 {[%clk 01:06:23]}
{[%emt 00:05:56]} dxe4 {[%clk 00:59:57]} {[%emt 00:00:17]} 17. d5 {[%clk
01:06:14]} {[%emt 00:00:39]} Bf6 {[%clk 00:56:34]} {[%emt 00:03:53]} 18. Rb1
{[%clk 00:44:42]} {[%emt 00:22:01]} Bd4 {[%clk 00:56:25]} {[%emt 00:00:39]} 19.
a3 {[%clk 00:37:35]} {[%emt 00:07:36]} Nxd5 {[%clk 00:55:58]} {[%emt 00:00:58]}
20. Nxd5 {[%clk 00:35:09]} {[%emt 00:02:56]} Rxd5 {[%clk 00:56:09]} {[%emt
00:00:18]} 21. c3 {[%clk 00:35:21]} {[%emt 00:00:18]} Qe6 {[%clk 00:54:00]}
{[%emt 00:02:39]} 22. cxd4 {[%clk 00:35:20]} {[%emt 00:00:32]} cxd4 {[%clk
00:51:02]} {[%emt 00:01:21]} 23. Bf4 {[%clk 00:28:24]} {[%emt 00:09:33]} Qxh3
{[%clk 00:50:48]} {[%emt 00:00:42]} 24. g4 {[%clk 00:23:01]} {[%emt 00:05:55]}
h5 {[%clk 00:50:01]} {[%emt 00:01:17]} 25. g5 {[%clk 00:22:02]} {[%emt
00:01:28]} Qh4 {[%clk 00:47:34]} {[%emt 00:02:57]} 26. Qd2 {[%clk 00:18:01]}
{[%emt 00:04:28]} Rf5 {[%clk 00:47:19]} {[%emt 00:00:48]} 27. Bg3 {[%clk
00:17:20]} {[%emt 00:01:08]} Rxg5 {[%clk 00:43:19]} {[%emt 00:04:33]} 28. Kg2
{[%clk 00:16:57]} {[%emt 00:00:52]} e3 {[%clk 00:42:44]} {[%emt 00:01:07]} 29.
Qe2 {[%clk 00:16:31]} {[%emt 00:00:53]} Re4 {[%clk 00:35:44]} {[%emt 00:07:32]}
30. Rh1 {[%clk 00:15:52]} {[%emt 00:01:09]} Qf4 {[%clk 00:33:40]} {[%emt
00:02:35]} 31. Qf3 {[%clk 00:13:38]} {[%emt 00:02:44]} h4 {[%emt 00:02:48]} 0-1

[Event "DVM U12 2023"]
[Site "Magdeburg GER"]
[Date "2023.12.28"]
[Round "3"]
[White "Färber, Anna"]
[Black "Löffelholz, Simon"]
[Result "1-0"]
[Termination "normal"]
[Board "7.3"]
[WhiteElo "1345"]
[BlackElo "1271"]
[WhiteClock "00:41:10"]
[BlackClock "01:10:00"]
[WhiteTeam "SV 1947 Walldorf"]
[BlackTeam "1. Eichsfelder SC"]
[PlyCount "51"]
[WhiteFideId "34633480"]
[BlackFideId "34623620"]
[EventCountry "GER"]
[EventRounds "7"]
[EventType "team-swiss"]
[EventDate "2023.12.26"]

1. e4 {[%clk 01:30:55]} {[%emt 00:00:04]} c5 {[%clk 01:30:54]} {[%emt
00:00:07]} 2. c3 {[%clk 01:31:21]} {[%emt 00:00:04]} Nf6 {[%clk 01:31:11]}
{[%emt 00:00:13]} 3. e5 {[%clk 01:31:46]} {[%emt 00:00:06]} Nd5 {[%clk
01:31:27]} {[%emt 00:00:14]} 4. Nf3 {[%clk 01:32:05]} {[%emt 00:00:10]} b6
{[%clk 01:30:49]} {[%emt 00:01:08]} 5. d4 {[%clk 01:30:56]} {[%emt 00:01:38]}
cxd4 {[%clk 01:31:11]} {[%emt 00:00:08]} 6. cxd4 {[%clk 01:31:13]} {[%emt
00:00:13]} e6 {[%clk 01:30:55]} {[%emt 00:00:47]} 7. Bd3 {[%clk 01:29:15]}
{[%emt 00:02:28]} Nc6 {[%clk 01:30:32]} {[%emt 00:00:52]} 8. a3 {[%clk
01:28:21]} {[%emt 00:01:24]} Be7 {[%clk 01:30:35]} {[%emt 00:00:26]} 9. O-O
{[%clk 01:26:59]} {[%emt 00:01:52]} O-O {[%clk 01:30:17]} {[%emt 00:00:47]} 10.
Qe2 {[%clk 01:25:18]} {[%emt 00:02:11]} Bb7 {[%clk 01:29:38]} {[%emt 00:01:10]}
11. Nc3 {[%clk 01:24:04]} {[%emt 00:01:45]} d6 {[%clk 01:27:38]} {[%emt
00:02:30]} 12. Qe4 {[%clk 01:17:26]} {[%emt 00:07:08]} f5 {[%clk 01:26:23]}
{[%emt 00:01:45]} 13. exf6 {[%clk 01:17:20]} {[%emt 00:00:35]} Nxf6 {[%clk
01:24:56]} {[%emt 00:01:57]} 14. Qxe6+ {[%clk 01:17:08]} {[%emt 00:00:42]} Kh8
{[%clk 01:24:49]} {[%emt 00:00:37]} 15. Ng5 {[%clk 01:14:55]} {[%emt 00:02:43]}
Qe8 {[%clk 01:20:52]} {[%emt 00:04:26]} 16. Re1 {[%clk 01:05:46]} {[%emt
00:09:38]} Bc8 {[%clk 01:19:33]} {[%emt 00:01:50]} 17. Qe2 {[%clk 01:00:41]}
{[%emt 00:05:35]} Ng4 {[%clk 01:16:37]} {[%emt 00:03:26]} 18. f3 {[%clk
00:58:07]} {[%emt 00:03:04]} Nf6 {[%clk 01:15:34]} {[%emt 00:01:33]} 19. Qf2
{[%clk 00:52:51]} {[%emt 00:05:46]} Qh5 {[%clk 01:13:55]} {[%emt 00:02:08]} 20.
Qg3 {[%clk 00:50:37]} {[%emt 00:02:46]} h6 {[%clk 01:13:11]} {[%emt 00:01:14]}
21. Ne6 {[%clk 00:47:48]} {[%emt 00:03:19]} Bxe6 {[%clk 01:13:12]} {[%emt
00:00:29]} 22. Rxe6 {[%clk 00:47:54]} {[%emt 00:00:24]} Rae8 {[%clk 01:13:08]}
{[%emt 00:00:33]} 23. Bg6 {[%clk 00:46:59]} {[%emt 00:01:24]} Qa5 {[%clk
01:12:09]} {[%emt 00:01:30]} 24. Bxe8 {[%clk 00:45:45]} {[%emt 00:01:44]} Rxe8
{[%clk 01:12:22]} {[%emt 00:00:16]} 25. Qe1 {[%clk 00:43:30]} {[%emt 00:02:46]}
Nxd4 {[%clk 01:10:00]} {[%emt 00:02:52]} 26. Rxe7 {[%clk 00:41:10]} {[%emt
00:02:50]} 1-0

[Event "DVM U12 2023"]
[Site "Magdeburg GER"]
[Date "2023.12.28"]
[Round "3"]
[White "Rexhausen, Mika"]
[Black "Sriram, Aumkar"]
[Result "0-1"]
[Termination "normal"]
[Board "7.4"]
[WhiteElo "943"]
[BlackElo "1191"]
[WhiteClock "00:39:28"]
[BlackClock "00:40:16"]
[WhiteTeam "1. Eichsfelder SC"]
[BlackTeam "SV 1947 Walldorf"]
[PlyCount "120"]
[WhiteFideId "34681752"]
[BlackFideId "33460477"]
[EventCountry "GER"]
[EventRounds "7"]
[EventType "team-swiss"]
[EventDate "2023.12.26"]

1. d4 {[%clk 01:30:55]} {[%emt 00:00:04]} e6 {[%clk 01:30:54]} {[%emt
00:00:07]} 2. Bf4 {[%clk 01:31:07]} {[%emt 00:00:17]} f5 {[%clk 01:30:48]}
{[%emt 00:00:37]} 3. e3 {[%clk 01:31:12]} {[%emt 00:00:24]} Nf6 {[%clk
01:31:03]} {[%emt 00:00:15]} 4. Nf3 {[%clk 01:31:22]} {[%emt 00:00:20]} b6
{[%clk 01:31:04]} {[%emt 00:00:28]} 5. Be2 {[%clk 01:31:26]} {[%emt 00:00:27]}
Bb7 {[%clk 01:30:58]} {[%emt 00:00:34]} 6. O-O {[%clk 01:31:34]} {[%emt
00:00:23]} Nc6 {[%clk 01:31:03]} {[%emt 00:00:25]} 7. h3 {[%clk 01:31:14]}
{[%emt 00:00:51]} d6 {[%clk 01:31:07]} {[%emt 00:00:25]} 8. c4 {[%clk
01:30:10]} {[%emt 00:01:34]} Qd7 {[%clk 01:30:04]} {[%emt 00:01:31]} 9. Nc3
{[%clk 01:30:10]} {[%emt 00:00:32]} O-O-O {[%clk 01:29:54]} {[%emt 00:00:39]}
10. d5 {[%clk 01:29:31]} {[%emt 00:01:11]} exd5 {[%clk 01:29:26]} {[%emt
00:00:57]} 11. cxd5 {[%clk 01:29:24]} {[%emt 00:00:35]} Ne7 {[%clk 01:29:33]}
{[%emt 00:00:23]} 12. Bb5 {[%clk 01:28:39]} {[%emt 00:01:18]} c6 {[%clk
01:28:22]} {[%emt 00:01:37]} 13. dxc6 {[%clk 01:28:26]} {[%emt 00:00:46]} Nxc6
{[%clk 01:27:54]} {[%emt 00:00:58]} 14. Rc1 {[%clk 01:26:30]} {[%emt 00:02:27]}
Kb8 {[%clk 01:27:20]} {[%emt 00:00:58]} 15. Qc2 {[%clk 01:25:40]} {[%emt
00:01:25]} Rc8 {[%clk 01:27:11]} {[%emt 00:00:36]} 16. Rfd1 {[%clk 01:25:20]}
{[%emt 00:00:54]} g6 {[%clk 01:21:25]} {[%emt 00:06:16]} 17. Qd2 {[%clk
01:22:16]} {[%emt 00:03:33]} Ka8 {[%clk 01:18:30]} {[%emt 00:03:22]} 18. Bxd6
{[%clk 01:21:40]} {[%emt 00:01:09]} Ne4 {[%clk 01:17:59]} {[%emt 00:00:57]} 19.
Nxe4 {[%clk 01:21:05]} {[%emt 00:01:09]} fxe4 {[%clk 01:18:13]} {[%emt
00:00:16]} 20. Ne5 {[%clk 01:19:57]} {[%emt 00:01:38]} Qe8 {[%clk 01:16:03]}
{[%emt 00:02:33]} 21. Qc2 {[%clk 01:17:32]} {[%emt 00:03:02]} Bxd6 {[%clk
01:09:15]} {[%emt 00:07:17]} 22. Nxc6 {[%clk 01:16:13]} {[%emt 00:01:51]} Qe6
{[%clk 01:07:49]} {[%emt 00:01:53]} 23. a3 {[%clk 01:12:35]} {[%emt 00:04:10]}
Rc7 {[%clk 01:06:29]} {[%emt 00:01:46]} 24. Rd4 {[%clk 01:12:26]} {[%emt
00:00:40]} Bc5 {[%clk 01:04:31]} {[%emt 00:01:55]} 25. Rxe4 {[%clk 01:04:24]}
{[%emt 00:09:08]} Qf5 {[%clk 01:02:48]} {[%emt 00:02:12]} 26. Bd3 {[%clk
00:59:36]} {[%emt 00:05:19]} Qf6 {[%clk 00:59:20]} {[%emt 00:03:46]} 27. b4
{[%clk 00:53:42]} {[%emt 00:06:36]} Qxc6 {[%clk 00:53:21]} {[%emt 00:06:26]}
28. bxc5 {[%clk 00:53:38]} {[%emt 00:00:36]} Re7 {[%clk 00:51:52]} {[%emt
00:01:59]} 29. f3 {[%clk 00:50:32]} {[%emt 00:03:37]} Rc7 {[%clk 00:51:37]}
{[%emt 00:00:34]} 30. Rc4 {[%clk 00:50:04]} {[%emt 00:01:08]} b5 {[%clk
00:49:35]} {[%emt 00:02:21]} 31. Be4 {[%clk 00:41:15]} {[%emt 00:09:31]} Qf6
{[%clk 00:48:37]} {[%emt 00:01:27]} 32. Bxb7+ {[%clk 00:40:03]} {[%emt
00:01:42]} Kxb7 {[%clk 00:48:22]} {[%emt 00:00:46]} 33. Qc3 {[%clk 00:39:43]}
{[%emt 00:00:51]} Qxc3 {[%clk 00:48:09]} {[%emt 00:00:41]} 34. R4xc3 {[%clk
00:40:05]} {[%emt 00:00:08]} Rhc8 {[%clk 00:48:23]} {[%emt 00:00:15]} 35. e4
{[%clk 00:40:08]} {[%emt 00:00:27]} a5 {[%clk 00:46:35]} {[%emt 00:02:15]} 36.
Kf2 {[%clk 00:38:40]} {[%emt 00:02:02]} Rc6 {[%clk 00:46:04]} {[%emt 00:00:53]}
37. f4 {[%clk 00:37:32]} {[%emt 00:01:45]} Rf8 {[%clk 00:46:02]} {[%emt
00:00:28]} 38. Ke3 {[%clk 00:37:46]} {[%emt 00:00:20]} Re8 {[%clk 00:45:49]}
{[%emt 00:00:42]} 39. g4 {[%clk 00:37:30]} {[%emt 00:00:47]} Rce6 {[%clk
00:45:03]} {[%emt 00:01:11]} 40. e5 {[%clk 00:37:29]} {[%emt 00:00:36]} g5
{[%clk 00:44:19]} {[%emt 00:01:14]} 41. c6+ {[%clk 00:37:30]} {[%emt 00:00:29]}
Kc7 {[%clk 00:44:22]} {[%emt 00:00:12]} 42. Rc5 {[%clk 00:37:36]} {[%emt
00:00:39]} gxf4+ {[%clk 00:43:36]} {[%emt 00:01:16]} 43. Kxf4 {[%clk 00:37:54]}
{[%emt 00:00:12]} Rf8+ {[%clk 00:43:43]} {[%emt 00:00:21]} 44. Ke4 {[%clk
00:38:09]} {[%emt 00:00:17]} b4 {[%clk 00:43:15]} {[%emt 00:00:55]} 45. axb4
{[%clk 00:38:28]} {[%emt 00:00:13]} axb4 {[%clk 00:43:23]} {[%emt 00:00:18]}
46. Rb1 {[%clk 00:38:24]} {[%emt 00:00:38]} Rb8 {[%clk 00:43:02]} {[%emt
00:00:48]} 47. Kd4 {[%clk 00:38:22]} {[%emt 00:00:34]} Rxc6 {[%clk 00:42:16]}
{[%emt 00:01:16]} 48. Rxc6+ {[%clk 00:37:42]} {[%emt 00:01:11]} Kxc6 {[%clk
00:42:40]} {[%emt 00:00:05]} 49. g5 {[%clk 00:37:30]} {[%emt 00:00:43]} b3
{[%clk 00:42:41]} {[%emt 00:00:29]} 50. h4 {[%clk 00:37:52]} {[%emt 00:00:08]}
Rb4+ {[%clk 00:42:42]} {[%emt 00:00:27]} 51. Ke3 {[%clk 00:37:57]} {[%emt
00:00:25]} Rxh4 {[%clk 00:42:36]} {[%emt 00:00:38]} 52. Rxb3 {[%clk 00:38:18]}
{[%emt 00:00:09]} Rh3+ {[%clk 00:42:48]} {[%emt 00:00:18]} 53. Kf4 {[%clk
00:38:29]} {[%emt 00:00:18]} Rxb3 {[%clk 00:41:34]} {[%emt 00:01:44]} 54. e6
{[%clk 00:38:50]} {[%emt 00:00:09]} Kd6 {[%clk 00:39:26]} {[%emt 00:02:37]} 55.
Kf5 {[%clk 00:38:49]} {[%emt 00:00:33]} Rb7 {[%clk 00:39:29]} {[%emt 00:00:24]}
56. Kf6 {[%clk 00:38:39]} {[%emt 00:00:41]} Ra7 {[%clk 00:39:28]} {[%emt
00:00:31]} 57. Kf5 {[%clk 00:38:35]} {[%emt 00:00:35]} Re7 {[%clk 00:39:41]}
{[%emt 00:00:14]} 58. Kf6 {[%clk 00:38:52]} {[%emt 00:00:16]} Rxe6 {[%clk
00:39:40]} {[%emt 00:00:31]} 59. Kg7 {[%clk 00:39:09]} {[%emt 00:00:12]} Rg6+
{[%clk 00:39:57]} {[%emt 00:00:10]} 60. Kxh7 {[%clk 00:39:28]} {[%emt
00:00:13]} Rxg5 {[%clk 00:40:16]} {[%emt 00:00:13]} 0-1

[Event "DVM U12 2023"]
[Site "Magdeburg GER"]
[Date "2023.12.28"]
[Round "3"]
[White "Mandalka, Justus"]
[Black "Wagner, Cosima Thien-An"]
[Result "1/2-1/2"]
[Termination "normal"]
[Board "8.1"]
[WhiteElo "1775"]
[BlackElo "1531"]
[WhiteClock "00:20:07"]
[BlackClock "00:05:56"]
[WhiteTeam "SK Bad Homburg 1927"]
[BlackTeam "TV Tegernsee"]
[PlyCount "81"]
[WhiteFideId "16298144"]
[BlackFideId "34603484"]
[EventCountry "GER"]
[EventRounds "7"]
[EventType "team-swiss"]
[EventDate "2023.12.26"]

1. e4 {[%clk 01:30:58]} {[%emt 00:00:02]} c5 {[%clk 01:30:57]} {[%emt
00:00:04]} 2. Nf3 {[%clk 01:31:19]} {[%emt 00:00:08]} g6 {[%clk 01:31:23]}
{[%emt 00:00:04]} 3. d4 {[%clk 01:31:35]} {[%emt 00:00:14]} cxd4 {[%clk
01:31:49]} {[%emt 00:00:04]} 4. Nxd4 {[%clk 01:32:00]} {[%emt 00:00:04]} Bg7
{[%clk 01:32:14]} {[%emt 00:00:05]} 5. Be3 {[%clk 01:31:05]} {[%emt 00:01:25]}
Nc6 {[%clk 01:32:30]} {[%emt 00:00:15]} 6. Nc3 {[%clk 01:31:21]} {[%emt
00:00:13]} Nf6 {[%clk 01:32:29]} {[%emt 00:00:31]} 7. Be2 {[%clk 01:30:42]}
{[%emt 00:01:09]} O-O {[%clk 01:32:26]} {[%emt 00:00:33]} 8. O-O {[%clk
01:31:06]} {[%emt 00:00:06]} d6 {[%clk 01:26:59]} {[%emt 00:05:57]} 9. h3
{[%clk 01:28:44]} {[%emt 00:02:51]} Bd7 {[%clk 01:26:57]} {[%emt 00:00:33]} 10.
Qd2 {[%clk 01:27:32]} {[%emt 00:01:42]} a6 {[%clk 01:26:27]} {[%emt 00:01:00]}
11. Rad1 {[%clk 01:25:00]} {[%emt 00:03:00]} b5 {[%clk 01:21:17]} {[%emt
00:05:42]} 12. a3 {[%clk 01:21:39]} {[%emt 00:03:51]} Qc7 {[%clk 01:05:08]}
{[%emt 00:16:38]} 13. Nxc6 {[%clk 01:15:27]} {[%emt 00:06:42]} Bxc6 {[%clk
01:05:03]} {[%emt 00:00:35]} 14. Bf3 {[%clk 01:14:05]} {[%emt 00:01:51]} Qb7
{[%clk 00:57:27]} {[%emt 00:08:08]} 15. Rfe1 {[%clk 01:05:02]} {[%emt
00:09:32]} Nd7 {[%clk 00:48:35]} {[%emt 00:09:23]} 16. Bh6 {[%clk 00:56:29]}
{[%emt 00:09:02]} Ne5 {[%clk 00:43:58]} {[%emt 00:05:08]} 17. Bxg7 {[%clk
00:56:39]} {[%emt 00:00:20]} Nxf3+ {[%clk 00:43:08]} {[%emt 00:01:20]} 18. gxf3
{[%clk 00:57:07]} {[%emt 00:00:02]} Kxg7 {[%clk 00:43:27]} {[%emt 00:00:11]}
19. Nd5 {[%clk 00:54:38]} {[%emt 00:02:59]} Rfe8 {[%clk 00:35:52]} {[%emt
00:08:05]} 20. c3 {[%clk 00:47:11]} {[%emt 00:07:57]} Bd7 {[%clk 00:32:18]}
{[%emt 00:04:05]} 21. Kg2 {[%clk 00:45:08]} {[%emt 00:02:32]} Be6 {[%clk
00:28:40]} {[%emt 00:04:08]} 22. Qd4+ {[%clk 00:42:52]} {[%emt 00:02:46]} Kg8
{[%clk 00:28:51]} {[%emt 00:00:20]} 23. Qe3 {[%clk 00:42:40]} {[%emt 00:00:41]}
Rab8 {[%clk 00:24:00]} {[%emt 00:05:21]} 24. h4 {[%clk 00:41:55]} {[%emt
00:01:15]} Kh8 {[%clk 00:14:26]} {[%emt 00:10:04]} 25. Qg5 {[%clk 00:39:11]}
{[%emt 00:03:14]} f6 {[%clk 00:13:39]} {[%emt 00:01:18]} 26. Nxf6 {[%clk
00:34:05]} {[%emt 00:05:35]} exf6 {[%clk 00:14:00]} {[%emt 00:00:10]} 27. Qxf6+
{[%clk 00:34:32]} {[%emt 00:00:03]} Qg7 {[%clk 00:13:50]} {[%emt 00:00:41]} 28.
Qxg7+ {[%clk 00:34:54]} {[%emt 00:00:08]} Kxg7 {[%clk 00:14:16]} {[%emt
00:00:04]} 29. Rxd6 {[%clk 00:35:03]} {[%emt 00:00:21]} a5 {[%clk 00:11:09]}
{[%emt 00:03:37]} 30. Ra6 {[%clk 00:30:37]} {[%emt 00:04:56]} Ra8 {[%clk
00:07:52]} {[%emt 00:03:48]} 31. Rxa8 {[%clk 00:30:46]} {[%emt 00:00:21]} Rxa8
{[%clk 00:08:19]} {[%emt 00:00:03]} 32. Rd1 {[%clk 00:31:03]} {[%emt 00:00:12]}
Ra6 {[%clk 00:08:19]} {[%emt 00:00:31]} 33. Kg3 {[%clk 00:29:54]} {[%emt
00:01:38]} Kf6 {[%clk 00:06:16]} {[%emt 00:02:33]} 34. Kf4 {[%clk 00:28:21]}
{[%emt 00:02:02]} h6 {[%clk 00:06:37]} {[%emt 00:00:10]} 35. Rd4 {[%clk
00:27:47]} {[%emt 00:01:03]} Ke7 {[%clk 00:05:54]} {[%emt 00:01:14]} 36. a4
{[%clk 00:22:35]} {[%emt 00:05:42]} bxa4 {[%clk 00:05:45]} {[%emt 00:00:39]}
37. Rxa4 {[%clk 00:22:47]} {[%emt 00:00:18]} Bb3 {[%clk 00:05:29]} {[%emt
00:00:46]} 38. Rd4 {[%clk 00:20:42]} {[%emt 00:02:35]} Rd6 {[%clk 00:05:22]}
{[%emt 00:00:38]} 39. Ke5 {[%clk 00:19:43]} {[%emt 00:01:28]} Re6+ {[%clk
00:05:36]} {[%emt 00:00:16]} 40. Kf4 {[%clk 00:20:07]} {[%emt 00:00:05]} Rd6
{[%clk 00:05:56]} {[%emt 00:00:11]} 41. Ke5 {[%emt 00:03:15]} 1/2-1/2

[Event "DVM U12 2023"]
[Site "Magdeburg GER"]
[Date "2023.12.28"]
[Round "3"]
[White "Greive, Jakob"]
[Black "Zhao, Yunsheng"]
[Result "0-1"]
[Termination "normal"]
[Board "8.2"]
[WhiteElo "1558"]
[BlackElo "1433"]
[WhiteClock "00:46:16"]
[BlackClock "00:32:15"]
[WhiteTeam "TV Tegernsee"]
[BlackTeam "SK Bad Homburg 1927"]
[PlyCount "50"]
[WhiteFideId "34603476"]
[BlackFideId "16299280"]
[EventCountry "GER"]
[EventRounds "7"]
[EventType "team-swiss"]
[EventDate "2023.12.26"]

1. e4 {[%clk 01:30:57]} {[%emt 00:00:02]} e5 {[%clk 01:30:54]} {[%emt
00:00:07]} 2. Nf3 {[%clk 01:31:22]} {[%emt 00:00:05]} Nc6 {[%clk 01:31:16]}
{[%emt 00:00:07]} 3. Bc4 {[%clk 01:31:45]} {[%emt 00:00:06]} Bc5 {[%clk
01:31:39]} {[%emt 00:00:08]} 4. Nc3 {[%clk 01:31:56]} {[%emt 00:00:19]} Nf6
{[%clk 01:31:47]} {[%emt 00:00:22]} 5. d3 {[%clk 01:32:20]} {[%emt 00:00:06]}
h6 {[%clk 01:31:45]} {[%emt 00:00:32]} 6. Be3 {[%clk 01:32:40]} {[%emt
00:00:10]} Bb6 {[%clk 01:32:06]} {[%emt 00:00:09]} 7. O-O {[%clk 01:31:35]}
{[%emt 00:01:36]} d6 {[%clk 01:32:12]} {[%emt 00:00:24]} 8. h3 {[%clk
01:31:43]} {[%emt 00:00:22]} g5 {[%clk 01:31:45]} {[%emt 00:00:56]} 9. Nxg5
{[%clk 01:12:27]} {[%emt 00:19:46]} hxg5 {[%clk 01:32:02]} {[%emt 00:00:14]}
10. Bxg5 {[%clk 01:12:39]} {[%emt 00:00:18]} Rg8 {[%clk 01:29:49]} {[%emt
00:02:43]} 11. h4 {[%clk 01:08:26]} {[%emt 00:04:42]} Be6 {[%emt 00:11:00]} 12.
Qf3 {[%clk 01:08:01]} {[%emt 00:00:53]} Rg6 {[%clk 01:18:48]} {[%emt 00:01:04]}
13. Bb5 {[%clk 01:05:28]} {[%emt 00:03:03]} Bg4 {[%clk 01:09:19]} {[%emt
00:09:59]} 14. Qg3 {[%clk 01:05:22]} {[%emt 00:00:35]} Qc8 {[%clk 01:08:34]}
{[%emt 00:01:16]} 15. Bxf6 {[%clk 01:01:20]} {[%emt 00:04:32]} Rxf6 {[%clk
01:08:03]} {[%emt 00:01:02]} 16. Nd5 {[%clk 01:01:32]} {[%emt 00:00:17]} Rg6
{[%clk 01:07:31]} {[%emt 00:01:02]} 17. h5 {[%clk 00:59:19]} {[%emt 00:02:43]}
Bxh5 {[%clk 01:06:24]} {[%emt 00:01:38]} 18. Qh4 {[%clk 00:59:28]} {[%emt
00:00:19]} Qd8 {[%clk 00:58:43]} {[%emt 00:08:12]} 19. Qxh5 {[%clk 00:58:51]}
{[%emt 00:01:06]} Qg5 {[%clk 00:50:18]} {[%emt 00:08:55]} 20. Qxg5 {[%clk
00:56:46]} {[%emt 00:02:35]} Rxg5 {[%clk 00:50:35]} {[%emt 00:00:13]} 21. a4
{[%clk 00:56:32]} {[%emt 00:00:44]} Kd8 {[%clk 00:46:44]} {[%emt 00:04:21]} 22.
b4 {[%clk 00:55:47]} {[%emt 00:01:14]} Nd4 {[%clk 00:46:42]} {[%emt 00:00:33]}
23. g3 {[%clk 00:49:54]} {[%emt 00:06:23]} Nxc2 {[%clk 00:33:21]} {[%emt
00:13:52]} 24. Rac1 {[%clk 00:49:09]} {[%emt 00:01:14]} Nd4 {[%clk 00:32:15]}
{[%emt 00:01:36]} 25. Kg2 {[%clk 00:46:16]} {[%emt 00:03:23]} c6 {[%emt
00:02:20]} *